Loading...
| Current Events | 1 | 30.00 | 100% | 100% | 100% |
| Fine Arts - Classical Music | 4 | 7.50 | 50% | 25% | 0% |
| Fine Arts - Other Fine Arts | 4 | 10.00 | 75% | 25% | 0% |
| History - American History | 4 | 22.50 | 100% | 75% | 50% |
| History - European History | 3 | 16.67 | 100% | 33% | 33% |
| History - Other History | 4 | 12.50 | 75% | 50% | 0% |
| History - World History | 4 | 25.00 | 100% | 100% | 50% |
| Literature - American Literature | 3 | 10.00 | 67% | 33% | 0% |
| Literature - British Literature | 4 | 7.50 | 50% | 25% | 0% |
| Literature - European Literature | 7 | 11.43 | 100% | 14% | 0% |
| Literature - World Literature | 5 | 14.00 | 80% | 20% | 40% |
| Mythology | 3 | 16.67 | 100% | 67% | 0% |
| Painting/Sculpture | 5 | 12.00 | 100% | 20% | 0% |
| Philosophy | 3 | 10.00 | 100% | 0% | 0% |
| Pop Culture | 2 | 15.00 | 100% | 50% | 0% |
| Religion | 6 | 18.33 | 100% | 67% | 17% |
| Science - Biology | 4 | 15.00 | 100% | 50% | 0% |
| Science - Chemistry | 3 | 13.33 | 100% | 33% | 0% |
| Science - Other Science | 3 | 20.00 | 100% | 100% | 0% |
| Science - Physics | 1 | 20.00 | 100% | 100% | 0% |
| Social Science | 3 | 20.00 | 100% | 100% | 0% |